| 000 | 02591cam a2200301 a 4500 | ||
|---|---|---|---|
| 001 | 3978191 | ||
| 003 | CaAEU | ||
| 005 | 20250923095134.0 | ||
| 008 | 061207s2007 nyu 000 0 eng | ||
| 010 | _a 2006100976 | ||
| 020 | _a9781584796022 | ||
| 035 | _aocm77048052 | ||
| 040 |
_aDLC _beng _cDLC _dDLC _dAEEN |
||
| 041 | _aeng | ||
| 050 | 0 | 0 |
_aTD171.7 _b.D67 2007 |
| 100 |
_aDorfman, Josh _925752 _eauthor |
||
| 245 | 1 | 4 |
_aThe lazy environmentalist _b: your guide to easy, stylish, green living _c/ Josh Dorfman. |
| 260 |
_aNew York, NY : _bStewart, Tabori & Chang, _c2007. |
||
| 300 |
_a271 pages ; _c21 cm. |
||
| 504 | _aIncludes index. | ||
| 505 | 0 | _aFashion first — The great outdoors — The world, it's your oyster — Vehicular inspiration — Keep it moving — Real estate — The green house — More than one way to heat a home — You are what you sit on — Slice it, dice it, serve it — Sleep right — Toilets, tubs, and toothbrushes — Scrub, dust, and wash — The greatest green thumb — Pets are people too — It's never too soon to start — Technological advancement — It's professional — It's your money, use it wisely — Read it only — Eco living 101; programs, classes, and degrees — It's never too late to start. | |
| 520 | _aBut that doesn't mean we don't care passionately about the environment. Luckily, the days when becoming environmentally aware entailed eating bread that tasted like dirt, wearing clothes that looked like frayed burlap sacks, and spending summer vacations assailing whaling ships with Greenpeace are passing away. It is now perfectly possible (and increasingly easy) to be well-fed, well coiffed, well-dressed, and well traveled while remaining deeply committed to an ecologically sustainable lifestyle. In The Lazy Environmentalist, Josh Dorfman, host of the Sirius Satellite Radio program of the same name, provides comprehensive guidance to fashion-forward consumers who are as concerned about the long-term health of our planet as they are about the design of their bathroom fixtures. Covering topics that range from clothing to electronic gadgetry, home decor to recreation, and gardening to financial investment, Dorfman lets us know which trends to watch and which eco-conscious products, cars, toothbrushes, cell phones, pet accessories to buy. Green, it turns out, can be an extremely stylish color. | ||
| 650 | 0 |
_aEnvironmental protection _xCitizen participation _912144 |
|
| 650 | 0 |
_aEnvironmentalism _912143 |
|
| 650 | 0 |
_aOrganic living _925753 |
|
| 650 | 0 |
_aSustainable living _910807 |
|
| 942 | _2lcc | ||
| 999 |
_c4976 _d4976 |
||